Saṃskr̥ta-dhātukosha. (Record no. 70127)

MARC details
000 -LEADER
fixed length control field 00568cam a22002171 4500
001 - CONTROL NUMBER
control field sa 66005718
003 - CONTROL NUMBER IDENTIFIER
control field DLC
005 - DATE AND TIME OF LATEST TRANSACTION
control field 20260227112251.0
008 - FIXED-LENGTH DATA ELEMENTS--GENERAL INFORMATION
fixed length control field 881028s1962 xx 000 0 gujo
010 ## - LIBRARY OF CONGRESS CONTROL NUMBER
LC control number sa 66005718
035 ## - SYSTEM CONTROL NUMBER
System control number (OCoLC)23574230
040 ## - CATALOGING SOURCE
Original cataloging agency DLC
Transcribing agency MiU
Modifying agency DLC
042 ## - AUTHENTICATION CODE
Authentication code premarc
050 00 - LIBRARY OF CONGRESS CALL NUMBER
Classification number PK927.G8
Item number S28
100 1# - MAIN ENTRY--PERSONAL NAME
Personal name Salota, Amr̥talāla Amaracanda.
245 10 - TITLE STATEMENT
Title Saṃskr̥ta-dhātukosha.
260 ## - PUBLICATION, DISTRIBUTION, ETC.
Date of publication, distribution, etc. [1962]
300 ## - PHYSICAL DESCRIPTION
Extent 7, 18, 352 p.
Other physical details port.
Dimensions 19 cm.
500 ## - GENERAL NOTE
General note Romanized.
650 #0 - SUBJECT ADDED ENTRY--TOPICAL TERM
Topical term or geographic name entry element Sanskrit language
General subdivision Dictionaries
-- Gujarati.

No items available.

Powered by Koha